00631cam a22002057a 4500003000400000005001700004008004100021017002100062020001800083040001400101100001700115245008900132260003500221300002700256504002400283650003800307650003000345650002200375650002800397OSt20160321174342.0160321s2015 spca||| |||| 000 0 spa|d aDL B. 28813-2015 a9788491161165 bcatcCDMR1 aNeira, Elena13aLa otra pantalla b: redes sociales, móviles y la nueva televisión cElena Neira aBarcelonabEditorial UOCc2015 a149 p. :bil. ;c21 cm aNotes. Bibliografia04aMitjans de comunicació de massa04aXarxes socials en línia04aTelèfon mòbil04aTelevisió interactiva